| 000 | 00797nam a2200241 i 4500 | ||
|---|---|---|---|
| 001 | 84261 | ||
| 003 | ES-MaACL | ||
| 005 | 20250910063110.0 | ||
| 007 | t| | ||
| 008 | 041122s1978 sp |||| | spa d | ||
| 020 | _a84-320-7106-4 | ||
| 100 | 1 |
_aJames, Henry, _d1843-1916 _9242228 |
|
| 245 | 1 | 4 |
_aLos papeles de Aspern y otras historias de escritores / _cHenry James ; prólogo de Carlos Pujol ; [traducción del inglés por José María Valverde]. |
| 250 | _a1ª ed. | ||
| 260 |
_aBarcelona : _bPlaneta, _c1978. |
||
| 300 |
_a306 p. ; _c21 cm. |
||
| 490 | 1 |
_aNarrativa ; _v6 |
|
| 700 | 1 |
_aPujol, Carlos, _d1936-2012 _994332 |
|
| 700 | 1 |
_aValverde, José María, _d1926-1996 _9113013 |
|
| 830 | 1 |
_aNarrativa ; _v6 _9177839 |
|
| 852 |
_aES-MaACL _jL-6557 |
||
| 999 |
_c84261 _d84261 |
||